<?xml version="1.0" encoding="UTF-8"?>
<record
    xmlns:xsi="http://www.w3.org/2001/XMLSchema-instance"
    xsi:schemaLocation="http://www.loc.gov/MARC21/slim http://www.loc.gov/standards/marcxml/schema/MARC21slim.xsd"
    xmlns="http://www.loc.gov/MARC21/slim">

  <leader>00454    a2200157   4500</leader>
  <controlfield tag="005">20250516085312.0</controlfield>
  <datafield tag="020" ind1=" " ind2=" ">
    <subfield code="a">0-13-156965-1</subfield>
  </datafield>
  <datafield tag="082" ind1=" " ind2=" ">
    <subfield code="a">658.403 LAU</subfield>
  </datafield>
  <datafield tag="100" ind1=" " ind2=" ">
    <subfield code="a">LAUDON, K. C.</subfield>
  </datafield>
  <datafield tag="245" ind1=" " ind2=" ">
    <subfield code="a">Essential of Business Information Systems.</subfield>
  </datafield>
  <datafield tag="250" ind1=" " ind2=" ">
    <subfield code="a">7th Ed.</subfield>
  </datafield>
  <datafield tag="260" ind1=" " ind2=" ">
    <subfield code="a">New York,</subfield>
    <subfield code="b">Pearson Prentice Hall,</subfield>
    <subfield code="c">2007.</subfield>
  </datafield>
  <datafield tag="300" ind1=" " ind2=" ">
    <subfield code="a">xxviii, 471p.: ill.; figure, picture</subfield>
    <subfield code="b">Glossary, Index &amp; References</subfield>
    <subfield code="c">27cm</subfield>
  </datafield>
  <datafield tag="700" ind1=" " ind2=" ">
    <subfield code="a">LAUDON, J. P.</subfield>
  </datafield>
  <datafield tag="942" ind1=" " ind2=" ">
    <subfield code="2">ddc</subfield>
    <subfield code="c">BKS</subfield>
  </datafield>
  <datafield tag="999" ind1=" " ind2=" ">
    <subfield code="c">2363</subfield>
    <subfield code="d">2363</subfield>
  </datafield>
  <datafield tag="952" ind1=" " ind2=" ">
    <subfield code="r">2025-05-16 08:56:17</subfield>
    <subfield code="l">0</subfield>
    <subfield code="o">658.403 LAU</subfield>
    <subfield code="p">0000008955</subfield>
    <subfield code="v">88500.00</subfield>
    <subfield code="w">2025-05-16</subfield>
    <subfield code="y">BKS</subfield>
    <subfield code="1">0</subfield>
    <subfield code="2">ddc</subfield>
    <subfield code="4">0</subfield>
    <subfield code="7">0</subfield>
    <subfield code="0">0</subfield>
    <subfield code="a">CBEML</subfield>
    <subfield code="b">CBEML</subfield>
    <subfield code="c">GEN</subfield>
    <subfield code="d">2005-10-26</subfield>
    <subfield code="g">29500.00</subfield>
  </datafield>
  <datafield tag="952" ind1=" " ind2=" ">
    <subfield code="r">2025-05-16 08:56:17</subfield>
    <subfield code="l">0</subfield>
    <subfield code="o">658.403 LAU</subfield>
    <subfield code="p">0000008956</subfield>
    <subfield code="v">88500.00</subfield>
    <subfield code="w">2025-05-16</subfield>
    <subfield code="y">BKS</subfield>
    <subfield code="1">0</subfield>
    <subfield code="2">ddc</subfield>
    <subfield code="4">0</subfield>
    <subfield code="7">0</subfield>
    <subfield code="0">0</subfield>
    <subfield code="a">CBEML</subfield>
    <subfield code="b">CBEML</subfield>
    <subfield code="c">GEN</subfield>
    <subfield code="d">2005-10-26</subfield>
    <subfield code="g">29500.00</subfield>
  </datafield>
  <datafield tag="952" ind1=" " ind2=" ">
    <subfield code="r">2025-06-03 08:01:08</subfield>
    <subfield code="l">0</subfield>
    <subfield code="o">658.403 LAU</subfield>
    <subfield code="p">00000010717</subfield>
    <subfield code="v">88500.00</subfield>
    <subfield code="w">2025-06-03</subfield>
    <subfield code="y">BKS</subfield>
    <subfield code="1">0</subfield>
    <subfield code="2">ddc</subfield>
    <subfield code="4">0</subfield>
    <subfield code="7">0</subfield>
    <subfield code="0">0</subfield>
    <subfield code="a">CBEML</subfield>
    <subfield code="b">CBEML</subfield>
    <subfield code="c">SPECIAL</subfield>
    <subfield code="d">2005-10-26</subfield>
    <subfield code="g">29500.00</subfield>
  </datafield>
</record>
